000 01293cam a22003617a 4500
003 CHAP
005 20220329140846.0
008 971013s1988 r 00010 d
010 _a58783
011 _a59755
035 _a63915
040 _cCHAP
090 _aFolleto 14602
100 0 0 _aPacheco Covarrubias, Juan José.
_984543
245 0 _aRecomendaciones para el control de plagas del maíz en el sur de Sonora para 1988
260 _aCd. Obregón, Son. :
_bINIFAP. Campo Experimental Valle del Yaqui,
_c1988
300 _aHoja desplegable
410 _aDesplegable para productores
_b;5
410 _aINIFAP. México. Campo Experimental Valle del Yaqui
590 _aBATCH-UPD
_b10
_c20130110
_lUCH01
_h0222
590 _aBATCH-UPD
_b10
_c20130110
_lUCH01
_h2050
590 _aBATCH-UPD
_b10
_c20130409
_lUCH01
_h2242
590 _aBATCH-UPD
_b10
_c20130410
_lUCH01
_h1403
590 _aBATCH-UPD
_b10
_c20130914
_lUCH01
_h1153
590 _aCONVERSION
_b10
_c20130109
_lUCH01
_h1332
650 1 4 _aMaíz
_xPlagas.
_971034
650 1 4 _aMaíz
_xSonora.
_971063
810 0 0 _aDesplegable para productores
_b;5
_932189
810 0 0 _aINIFAP. México. Campo Experimental Valle del Yaqui
_958771
901 _aBK
942 _cFOLL
949 _aFolleto 14602
_bBC
_cFOLL
_d-138330
_eTS1
_i63915
_si
999 _c58783
_d58783